| 000 | 00497nam a2200169 i 4500 | ||
|---|---|---|---|
| 001 | 82510 | ||
| 003 | ES-MaACL | ||
| 005 | 20230906174702.0 | ||
| 007 | t| | ||
| 008 | 041110s1966 sp ||||1| spa d | ||
| 245 | 0 | 3 |
_aLa imagen del hombre / _cM.A. Fitzsimons... [et al.] ; [traducción por César Maillo]. |
| 260 |
_aMadrid : _bTecnos, _c[1966] |
||
| 300 |
_a503 p. ; _c24 cm. |
||
| 700 | 1 |
_aFitzsimons, M. A. _951078 |
|
| 700 | 1 |
_aMaillo, César. _975585 |
|
| 852 |
_aES-MaACL _jC-30215 _bR.60455 |
||
| 999 |
_c82510 _d82510 |
||